Años fantasmales / (Record no. 197928)
[ view plain ]
| 000 -LEADER | |
|---|---|
| campo de control de longitud fija | 01442nam a2200385 i 4500 |
| 001 - NÚMERO DE CONTROL | |
| campo de control | 197928 |
| 003 - IDENTIFICADOR DE NÚMERO DE CONTROL | |
| campo de control | ES-MaACL |
| 005 - FECHA Y HORA DE LA ÚLTIMA TRANSACCIÓN | |
| campo de control | 20251217063026.0 |
| 008 - DATOS DE LONGITUD FIJA--INFORMACIÓN GENERAL | |
| campo de control de longitud fija | 251031s2022 sp | |||| 000 f spa |
| 017 ## - NÚMERO DE COPYRIGHT O DE DEPÓSITO LEGAL | |
| Número de copyright o de depósito legal | M 1962-2022 |
| Agencia que asigna | Oficina Depósito Legal Madrid |
| 020 ## - NÚMERO INTERNACIONAL ESTÁNDAR DEL LIBRO | |
| Número Internacional Estándar del Libro | 978-84-124941-0-5 |
| 040 ## - FUENTE DE CATALOGACIÓN | |
| Centro catalogador/agencia de origen | ES-MaACL |
| Lengua de catalogación | spa |
| Centro/agencia transcriptor | ES-MaACL |
| Normas de descripción | rda |
| 080 ## - NÚMERO DE LA CLASIFICACIÓN DECIMAL UNIVERSAL | |
| Número de la Clasificación Decimal Universal | 821.134.2-31"20" |
| 080 ## - NÚMERO DE LA CLASIFICACIÓN DECIMAL UNIVERSAL | |
| Número de la Clasificación Decimal Universal | 364.63-055.2(0:82) |
| 100 1# - ENTRADA PRINCIPAL--NOMBRE DE PERSONA | |
| Nombre de persona | Carrasco, José Luis, |
| Fechas asociadas al nombre | 1980- |
| Relación | aut |
| 9 (RLIN) | 242463 |
| Término indicativo de función/relación | Autor |
| 245 10 - MENCIÓN DEL TÍTULO | |
| Título | Años fantasmales / |
| Mención de responsabilidad, etc. | José Luis Carrasco |
| 250 ## - MENCION DE EDICION | |
| Mención de edición | Primera edición, febrero de 2022 |
| 264 #1 - PRODUCCIÓN, PUBLICACIÓN, DISTRIBUCIÓN, FABRICACIÓN Y COPYRIGHT | |
| Producción, publicación, distribución, fabricación y copyright | [Madrid] |
| Nombre del de productor, editor, distribuidor, fabricante | A.C. Agita Vallecas, |
| Fecha de producción, publicación, distribución, fabricación o copyright | [2022] |
| 300 ## - DESCRIPCIÓN FÍSICA | |
| Extensión | 224 páginas ; |
| Dimensiones | 20 cm |
| 336 ## - TIPO DE CONTENIDO | |
| Término de tipo de contenido | Texto |
| Fuente | rdacontent |
| 337 ## - TIPO DE MEDIO | |
| Nombre/término del tipo de medio | sin mediación |
| Fuente | rdamedia |
| 338 ## - TIPO DE SOPORTE | |
| Nombre/término del tipo de soporte | volumen |
| Fuente | rdacarrier |
| 490 0# - MENCIÓN DE SERIE | |
| Mención de serie | Autores VK ; |
| Número Internacional Normalizado para Publicaciones Seriadas | 6 |
| 500 ## - NOTA GENERAL | |
| Nota general | Subtítulo de la cubierta: Una novela sobre el maltrato machista |
| 500 ## - NOTA GENERAL | |
| Nota general | Ejemplar firmado y dedicado por el autor |
| 500 ## - NOTA GENERAL | |
| Nota general | Índice |
| 650 #7 - PUNTO DE ACCESO ADICIONAL DE MATERIA--TÉRMINO DE MATERIA | |
| Término de materia o nombre geográfico como elemento de entrada | Violencia de género |
| Subdivisión de forma | Novelas |
| Fuente del encabezamiento o término | embne |
| 9 (RLIN) | 242464 |
| 655 #7 - TERMINO DE INDIZACIÓN--GENERO/FORMA | |
| Datos o término principal de género/forma | Novelas sociales |
| Fuente del término | tgfbne |
| 9 (RLIN) | 234402 |
| 852 ## - LOCALIZACIÓN | |
| Ubicación | ES-MaACL |
| Ubicación en estantería | Depósito 1 |
| Número de control de estantería | A-15888 |
| Anotaciones manuscritas | Dedicatoria autógrafa del autor |
| Donativo/Legado | Donación: José Luis Carrasco |
| Encuadernación | Encuadernación rústica con solapas |
| itemnumber | 206992 |
| 942 ## - ELEMENTOS DE ENTRADA SECUNDARIOS (KOHA) | |
| Tipo de ítem Koha | Libro impreso |
| Suprimir en OPAC | No |
| 956 ## - LOCALIZACIÓN Y ACCESO ELECTRÓNICOS LOCAL (OCLC) | |
| Nombre del host | 2 |
| Estatus retirado | Estado de pérdida | Fuente del sistema de clasificación o colocación | Estado de daño | No para préstamo | Colección | Biblioteca de origen | Biblioteca actual | Ubicación en estantería | Fecha de adquisición | Fuente de adquisición | Total de préstamos | Signatura topográfica completa | Código de barras | Visto por última vez | Precio de reemplazo | Tipo de ítem Koha | Nota pública |
|---|---|---|---|---|---|---|---|---|---|---|---|---|---|---|---|---|---|
| Clasificación decimal universal | Libros con dedicatorias | Biblioteca del Ateneo de Madrid | Biblioteca del Ateneo de Madrid | Depósito 1 | 31/10/2025 | Donación | A-15888 | 2025-1357 | 15/12/2025 | 15/12/2025 | Libro impreso | Dedicatoria autógrafa del autor |
